Exposure meters and practical exposure control /

Bibliographic Details
Main Author: Dunn, Jack F. (Jack Frederick)
Format: Book
Language:English
Published: London : Fountain Press, 1952.
Subjects:

MARC

Tag First Indicator Second Indicator Subfields
LEADER 00000cam a2200000 i 4500
001 in00000093576
005 20150927070156.0
008 770204s1952 xx a 00010 eng
010 |a  53027179  
035 |a (OCoLC)02720426 
035 |9 AAL5423AM 
040 |a DLC  |c MUM  |d TXA  |d UtOrBLW 
049 |a TXAM  |c [450668] 
090 |a TR591  |b .D85 
100 1 |a Dunn, Jack F.  |q (Jack Frederick) 
245 1 0 |a Exposure meters and practical exposure control /  |c J. F. Dunn ; with a pref. by Percy W. Harris. 
264 1 |a London :  |b Fountain Press,  |c 1952. 
300 |a 260 pages :  |b illustrations ;  |c 23 cm. 
336 |a text  |b txt  |2 rdacontent 
337 |a unmediated  |b n  |2 rdamedia 
338 |a volume  |b nc  |2 rdacarrier 
504 |a Includes bibliography. 
650 0 |a Photography  |x Exposure. 
999 |a MARS 
999 f f |s 12a6d7ef-431c-3bb6-9409-0eb5adca992d  |i 81ac0967-225f-3c47-acd9-8db4006901ff  |t 0 
952 f f |p ric  |a Texas A&M University  |b Rellis Campus  |c Joint Library Facility  |d Remote Storage  |t 0  |e TR591 .D85  |h Library of Congress classification  |i unmediated -- volume  |m A14805627587 
998 f f |a TR591 .D85  |t 0  |l Remote Storage